Central Library OPAC University of Rajshahi

Afghanistan and the Soviet Union / (Record no. 58239)

MARC details
000 -LEADER
fixed length control field 00949nam a2200289 a 4500
001 - CONTROL NUMBER
control field 58239
003 - CONTROL NUMBER IDENTIFIER
rucl marc code BD-RjUL
005 - DATE AND TIME OF LATEST TRANSACTION
control field 20211209080611.0
008 - FIXED-LENGTH DATA ELEMENTS--GENERAL INFORMATION
fixed length control field 161217s1985 u b b 001 0 eng
020 ## - INTERNATIONAL STANDARD BOOK NUMBER
International Standard Book Number 0822305569 (alk. paper)
International Standard Book Number 0822306905 (pbk. : alk. paper)
035 ## - SYSTEM CONTROL NUMBER
System control number (BD-RjUL)58363
040 ## - CATALOGING SOURCE
Original cataloging agency DLC
Transcribing agency DLC
Modifying agency BD-RjUL
Language of cataloging eng
041 ## - LANGUAGE CODE
Language code of text/sound track or separate title eng
082 00 - DEWEY DECIMAL CLASSIFICATION NUMBER
Classification number 327.581047
Edition number 23
Author mark and year BRA 1985
100 1# - MAIN ENTRY--PERSONAL NAME
Personal name Bradsher, Henry S.
Fuller form of name (Henry St. Amant),
Dates associated with a name 1931-
9 (RLIN) 172997
245 10 - TITLE STATEMENT
Title Afghanistan and the Soviet Union /
Statement of responsibility, etc. Henry S. Bradsher.
250 ## - EDITION STATEMENT
Edition statement New and expanded ed.
260 ## - PUBLICATION, DISTRIBUTION, ETC. (IMPRINT)
Place of publication, distribution, etc. Durham N.C. :
Name of publisher, distributor, etc. Duke University Press,
Date of publication, distribution, etc. 1985.
300 ## - PHYSICAL DESCRIPTION
Pagination viii, 384 p. :
Illustrations ill. ;
Size 25 cm.
500 ## - GENERAL NOTE
General note Includes index.
504 ## - BIBLIOGRAPHY, ETC. NOTE
Bibliography, etc Bibliography: p. [352]-369.
651 #0 - SUBJECT ADDED ENTRY--GEOGRAPHIC NAME
Geographic name Afghanistan
General subdivision Foreign relations
Geographic subdivision Soviet Union.
9 (RLIN) 172999
830 ## - SERIES ADDED ENTRY--UNIFORM TITLE
Uniform title Duke Press policy studies
942 ## - ADDED ENTRY ELEMENTS (KOHA)
Source of classification or shelving scheme Dewey Decimal Classification
Koha item type Books
Holdings
Lost status Source of classification or shelving scheme Damaged status Not for loan Collection code Permanent Location Current Location Shelving location Date acquired Total Checkouts Full call number Date last seen Copy number Koha item type
  Dewey Decimal Classification   Not For Loan Non-fiction Central Library, University of Rajshahi Central Library, University of Rajshahi Reading Room 10/11/1988   327.581047 BRA 1985 17/12/2016 C-1 Books